000 00845cam a22002653a 4500
001 6432
003 PGUSA
005 20140828083132.0
008 040901s2004||||xxu|||||s|||||000 1 eng d
040 _aPGUSA
_beng
042 _adc
050 4 _aPZ
100 1 _aDunton, Edith K.
_q(Edith Kellogg),
_d1875-
245 1 0 _aBetty Wales, Sophomore
_h[electronic resource] /
_cEdith K. Dunton
260 _bProject Gutenberg,
_c2004
506 _aPublic domain in the USA.
516 _aElectronic text
653 _aUniversities and colleges -- Juvenile fiction
653 _aFriendship -- Juvenile fiction
653 _aWales, Betty (Fictitious character) -- Juvenile fiction
653 _aWomen college students -- Juvenile fiction
830 0 _aProject Gutenberg
_v6432
856 4 0 _uhttp://www.gutenberg.org/ebooks/6432
942 _cEB
999 _c235755
_d235755